000
00326nam a2200109Ia 4500
008
151021s9999 xx 000 0 und d
245
_a
_A pocket directory of trees and seeds in kenya Teel Wayne
260
_a
Nairobi KENGO 1984
300
_a
viii,151p.;ill
650
_a
_Trees and seeds
980
_a
^d20110617 01:47:54^oanne
999
_c
7354
_d
7354